Trace elements in biochemistry (Record no. 21302)

MARC details
000 -LEADER
fixed length control field 00476nam a2200181Ia 4500
082 ## - DEWEY DECIMAL CLASSIFICATION NUMBER
Classification number 577.1
Item number BOW;1
100 ## - MAIN ENTRY--AUTHOR NAME
Personal name Bowen, H J M
245 #0 - TITLE STATEMENT
Title Trace elements in biochemistry
260 ## - PUBLICATION, DISTRIBUTION, ETC. (IMPRINT)
Place of publication London
Name of publisher Academic
Year of publication 1966
650 ## - SUBJECT ADDED ENTRY--TOPICAL TERM
Topical Term Elementary cycles
650 ## - SUBJECT ADDED ENTRY--TOPICAL TERM
Topical Term Essential element
650 ## - SUBJECT ADDED ENTRY--TOPICAL TERM
Topical Term Isotopes
650 ## - SUBJECT ADDED ENTRY--TOPICAL TERM
Topical Term Natural radioactivity
650 ## - SUBJECT ADDED ENTRY--TOPICAL TERM
Topical Term Soil composition
650 ## - SUBJECT ADDED ENTRY--TOPICAL TERM
Topical Term Terrestrial geochemistry
942 ## - ADDED ENTRY ELEMENTS (KOHA)
Koha item type Books
Holdings
Withdrawn status Lost status Damaged status Not for loan Home library Current library Date acquired Full call number Accession Number Koha item type
        RRII Library RRII Library 16/12/2021 577.1 BOW;1 02021 Books